Out of the blue : (Record no. 368654)
[ view plain ]
| 000 -LEADER | |
|---|---|
| fixed length control field | 01191nam a22003017a 4500 |
| 003 - CONTROL NUMBER IDENTIFIER | |
| control field | 0 |
| 005 - DATE AND TIME OF LATEST TRANSACTION | |
| control field | 20251114134100.0 |
| 008 - FIXED-LENGTH DATA ELEMENTS--GENERAL INFORMATION | |
| fixed length control field | 251114b xxu||||| |||| 00| 0 eng d |
| 020 ## - INTERNATIONAL STANDARD BOOK NUMBER | |
| International Standard Book Number | 978-621-8287-05-1 |
| 050 ## - LIBRARY OF CONGRESS CALL NUMBER | |
| Classification number | CT 788 |
| Item number | .M57 O98 2024 |
| 100 ## - MAIN ENTRY--PERSONAL NAME | |
| Personal name | Cabochan, Jun Villacorta, |
| Relator term | author. |
| 245 ## - TITLE STATEMENT | |
| Title | Out of the blue : |
| Remainder of title | life stories from the Ateneo High School class of 1974 / |
| Statement of responsibility, etc | compiled and edited by Rhona Lopa-Macasaet & Paolo R. Reyes. |
| 260 ## - PUBLICATION, DISTRIBUTION, ETC. (IMPRINT) | |
| Place of publication, distribution, etc | Muntinlupa : |
| Name of publisher, distributor, etc | Chamber Shell Publishing Inc., |
| Date of publication, distribution, etc | 2024. |
| 300 ## - PHYSICAL DESCRIPTION | |
| Extent | 321 pages : |
| Other physical details | illustrations ; |
| Dimensions | 23 cm. |
| 520 ## - SUMMARY, ETC. | |
| Summary, etc | A collection of personal stories and recollections from the Ateneo High School Class of 1974, chronicling their life journeys, experiences, and reflections.<br/> |
| 650 ## - SUBJECT ADDED ENTRY--TOPICAL TERM | |
| Topical term or geographic name as entry element | Biography. |
| 650 ## - SUBJECT ADDED ENTRY--TOPICAL TERM | |
| Topical term or geographic name as entry element | Memoirs. |
| 650 ## - SUBJECT ADDED ENTRY--TOPICAL TERM | |
| Topical term or geographic name as entry element | Alumni stories. |
| 700 ## - ADDED ENTRY--PERSONAL NAME | |
| Personal name | David, Dennis S., |
| Relator term | author. |
| 700 ## - ADDED ENTRY--PERSONAL NAME | |
| Personal name | Denoga, Andy U., |
| Relator term | author. |
| 700 ## - ADDED ENTRY--PERSONAL NAME | |
| Personal name | Dizon, Raymond, |
| Relator term | author. |
| 700 ## - ADDED ENTRY--PERSONAL NAME | |
| Personal name | Fernando, Manolo C., |
| Relator term | author. |
| 700 ## - ADDED ENTRY--PERSONAL NAME | |
| Personal name | Lopa, Jose Manuel C., |
| Relator term | author. |
| 700 ## - ADDED ENTRY--PERSONAL NAME | |
| Personal name | Rivera, Antonio L., |
| Relator term | author. |
| 700 ## - ADDED ENTRY--PERSONAL NAME | |
| Personal name | Lopa-Macasaet, Rhona, |
| Relator term | editor. |
| 700 ## - ADDED ENTRY--PERSONAL NAME | |
| Personal name | Reyes, Paolo R., |
| Relator term | editor. |
| 942 ## - ADDED ENTRY ELEMENTS (KOHA) | |
| Source of classification or shelving scheme | Library of Congress Classification |
| Koha item type | Books |
| Withdrawn status | Lost status | Source of classification or shelving scheme | Damaged status | Home library | Current library | Shelving location | Date acquired | Source of acquisition | Sub Shelving location | Total Checkouts | Full call number | Barcode | Date last seen | Price effective from | Koha item type |
|---|---|---|---|---|---|---|---|---|---|---|---|---|---|---|---|
| Library of Congress Classification | Luxembourg Library | Luxembourg Library | Filipiniana Section | 02/06/2025 | Donation | CT 788 .M57 O98 2024 | 21463 | 11/14/2025 | 11/14/2025 | Books |